| 000 | 00997nam a2200277Ia 4500 | ||
|---|---|---|---|
| 003 | GCL | ||
| 008 | 140319s9999 xx 000 0 ara d | ||
| 040 |
_aGCL / _cGCL |
||
| 082 | 0 | 4 |
_a956.903 _bم ا |
| 100 | 1 | _aمعهد البحوث والدراسات العربية | |
| 245 | 1 | 0 |
_aالاستعمار الاستيطانى الصهيونى فى فلسطين / _cمعهد البحوث والدراسات العربية |
| 700 | 1 | _aالسيد يسين | |
| 700 | 1 | _aعلى الدين هلال | |
| 260 |
_a[S.N] : _bمعهد البحوث والدراسات العربية ، _c1975 |
||
| 490 | _a | ||
| 650 | 0 | 4 | _aالعصر الحديث |
| 650 | 0 | 4 | _aتاريخ |
| 650 | 0 | 4 | _aفلسطين |
| 650 | 0 | 4 | _aاسرائيل |
| 650 | 0 | 4 | _aالقضية الفلسطينية |
| 650 | 0 | 4 | _aالاحتلال الصهيونى |
| 650 | 0 | 4 | _aالامبراطورية العثمانية |
| 650 | 0 | 4 | _aهجرة اليهود الى فلسطين |
| 650 | 0 | 4 | _aوعد بلفور |
| 942 |
_2ddc _cBK |
||
| 999 |
_c27966 _d27966 |
||